Learning by doing in Singapore construction /
Saved in:
| Main Author: | |
|---|---|
| Format: | Thesis Book |
| Language: | English |
| Published: |
2000.
|
| Subjects: | |
| Tags: |
Add Tag
No Tags, Be the first to tag this record!
|
| LEADER | 00839cam a2200241 a 4500 | ||
|---|---|---|---|
| 001 | u507638 | ||
| 003 | SIRSI | ||
| 008 | 020917s2000 si a v 00 10 eng m | ||
| 035 | |a ACW-7165 | ||
| 040 | |a UMM | ||
| 090 | |a HD1381 |b NUS 2000 Yahae | ||
| 100 | 0 | |a Yahya Abraham Elias | |
| 245 | 1 | 0 | |a Learning by doing in Singapore construction / |c Yahya Abraham Elias. |
| 260 | |c 2000. | ||
| 300 | |a xiii, 144, [57] leaves : |b ill. ; |c 30 cm. | ||
| 502 | |a Dissertation (M.Sc.) -- National University of Singapore, 2000. | ||
| 504 | |a Bibliography: leaves [1]-[21]. | ||
| 650 | 0 | |a Construction industry |z Singapore. | |
| 650 | 0 | |a Construction industry |z Singapore |x Management. | |
| 900 | |a NHS | ||
| 948 | |a 30/12/2002 |b 30/12/2002 | ||
| 596 | |a 1 | ||
| 999 | |a HD1381 NUS 2000 YAHAE |w LC |c 1 |i A510552333 |l B_KOM4 |m P01UTAMA |r Y |s Y |t TESIS |u 13/1/2003 |o .PUBLIC. BKOM 4 :43614 | ||
